000 00443nam a2200157Ia 4500
999 _c19686
_d19686
003 OSt
005 20200706101313.0
008 190216s9999||||xx |||||||||||||| ||und||
040 _coclc
082 _a945.05
_bDUR/R
100 _aDurant, Will
_92822
245 4 _aThe Renaissance /
_cWill Durant
260 _bSimon And Schuster,
_c1953.
_aNew York:
300 _a776p
942 _cBK
_2ddc
_h945.05
_iDUR/R
_k945.05
_mDUR/R